| 000 | 00000nam##2200000za#4500 |
| 001 | 9.623887 |
| 003 | CaOODSP |
| 005 | 20220107134005 |
| 007 | ta |
| 008 | 150406|1996||||xxc||||| f|0| 0 fre|d |
| 020 | |a0-662-81264-6 |
| 040 | |aCaOODSP|bfre |
| 043 | |an-cn--- |
| 086 | 1 |aH72-22/7-1996F |
| 110 | 2 |aCentre national d'information sur la violence dans la famille (Canada) |
| 245 | 13|aLa violence conjugale et ses conséquences sur les enfants / |cRévisé par la London Family Court Clinic. |
| 260 | |aOttawa - Ontario : |bSanté Canada. |c1996. |
| 300 | |a12p. : |bréférences ; |c28 cm. |
| 490 | 1 |aRenseignements du Centre national d'information sur la violence dans la famille |
| 563 | |aCouverture souple |
| 590 | |a96-21|b1996-05-24 |
| 691 | 07|aViolence familiale|2gcpds |
| 776 | 0#|tLa violence conjugale et ses conséquences sur les enfants |w(CaOODSP)9.603149 |
| 830 | #0|aRenseignements du Centre national d'information sur la violence dans la famille.|w(CaOODSP)9.513100 |